00343nam a2200145Ia 4500008004100000020001500041041001200056082001600068100001700084245003600101250000800137260002500145300000800170650001900178221030s9999 xx 000 0 und d a8120308115 aEnglish a105.23bSas aS. S. Sastry 0aEngineering Mathematics Vol. II a2nd bPHIaNew Delhic2001 a658 aBE Mathematics